| 000 | 01477namaa22003491i 4500 | ||
|---|---|---|---|
| 005 | 20260524142827.0 | ||
| 008 | 260524s1995 ua aoc|frm||| 00| 0 eng d | ||
| 040 |
_aEG-GICUC _beng _cEG-GICUC _dEG-GICUC _erda |
||
| 041 | 0 |
_aeng _beng _bara |
|
| 049 | _aDeposit | ||
| 097 | _aPh.D | ||
| 099 | _aCai01.21.02.Ph.D.1995.Bo.E | ||
| 100 | 0 |
_aBothaina Hosny Youness _epreparation. |
|
| 245 | 1 | 0 |
_aEffects of breathing exercises on pulmonary function pre and post abdominal operations / _cBy Bothaina Hosny Youness ; Supervised By Dr. Nagwa Mohamed Badr, Dr. Adel Wadi Falasteen. |
| 246 | 1 | 5 | _aتأثير تمرينات التنفس على وظائف الرئة قبل و بعد عمليات البطن المختلفة |
| 264 | 0 | _c1995. | |
| 300 |
_a245 pages : _billustrations ; _c30 cm. + |
||
| 336 |
_2rda content _atext |
||
| 337 |
_2rdamedia _aUnmediated |
||
| 338 |
_2rdacarrier _avolume |
||
| 502 | _aThesis (Ph.D)-Cairo University, 1995. | ||
| 504 | _aBibliography: pages 226-245 | ||
| 653 | 0 | _aphysical therapy | |
| 653 | 0 | _acardiopulmonary | |
| 653 | 0 | _aabdominal operations | |
| 653 | 0 | _abreathing exercises | |
| 700 | 0 |
_a Dr. Nagwa Mohamed Badr. _ethesis advisor. |
|
| 700 | 0 |
_aDr. Adel Wadi Falasteen. _ethesis advisor. |
|
| 900 |
_DDepartment of cardiopulmonary _FFaculty of physical therapy _UCairo University _b1995. _cDr. Nagwa Mohamed Badr. _cDr. Adel Wadi Falasteen. _dDr. Nagwa Mohamed Badr. |
||
| 905 | _aNermeen-A | ||
| 942 |
_2ddc _cTH _e21 _n0 |
||
| 999 | _c180295 | ||